Missing Word: Alec Baldwin Quiz Stats

 Plays Quiz Updated Apr 12, 2012

Support Sporcle.
Go Orange.
Score 0/18 Timer 02:00
0 Plays Today
Alec Baldwin Movie Answer % Correct
_____ Came PollyAlong
94.3%
The Hunt for Red _______October
91.8%
Notting ____Hill
90.7%
___ with Dick and JaneFun
88.9%
____ & DogsCats
86%
_____ As ThievesThick
74.1%
_____ Having a BabyShe's
69.6%
Pearl ____Harbor
65.3%
Mercury ______Rising
65.2%
Alec Baldwin Movie Answer % Correct
Glengarry Glen ____Ross
63.7%
Running with ________Scissors
62%
Married to the ___Mob
61.7%
My Sister's ______Keeper
56%
________ to a KissPrelude
52%
My Best Friend's ____Girl
45%
______ of MississippiGhosts
37%
_____ and MainState
20.3%
The Good ________Shepherd
12.6%

Today's Daily Dose

Missing Word
'80s Musicals

Word Ladder
Hereditary

Get the Picture
Food Names

From the Vault

First One, Last One: Music

by Flick

Music 3m
Shockingly, we won't ask you which cut is the deepest.
Remove Ads.
Support Sporcle.
Get the best of Sporcle when you Go Orange. This ad-free experience offers more features, more stats, and more fun while also helping to support Sporcle. Thank you for becoming a member.

Show Comments

Extras

Top Quizzes Today


Score Distribution

Your Account Isn't Verified!

In order to create a playlist on Sporcle, you need to verify the email address you used during registration. Go to your Sporcle Settings to finish the process.

Report this User

Report this user for behavior that violates our Community Guidelines.

Details: